Представление документа в формате RUSMARC

ПолеНазваниеЗначение
  Тип записи a
  Библиографический уровень m
001 Контрольный номер LIBNET\0001500787
005 Дата корректировки 20260430113955.1
010 Индекс ISBN __
a ISBN 978-5-907759-64-0
9 Тираж 2000 экз.
b Уточнения в пер.
100 Данные общей обработки __
a Данные общей обработки 20260403d2025 u y0rusy0189 ca
101 Язык документа 0_
a Язык текста rus
102 Страна публикации __
a Страна публикации RU
105 Кодированные данные (монография) __
a Кодированные данные (монография) a z 011ab
200 Заглавие и сведения об ответственности 1_
a Заглавие Боря Цариков
f Первые сведения об ответственности Е. Ю. Петухова
g Последующие сведения об ответственности художники М. В. Гах, Н. Ю. Орехова, А. А. Покрышкин
203 Вид содержания и тип средства __
a Вид содержания Текст
b Характеристика содержания визуальный
c Тип средства непосредственный
210 Выходные данные 1_
a Место издания Москва
c Издательство Издательский дом Вахромеева
d Дата издания 2025
215 Физическое описание __
a Объем 29, [2] с.
c Иллюстрации/тип воспроизводства цв. ил.
d Формат 26 см
225 Серия 1_
a Серия Дети, приближавшие Победу
300 Общие примечания __
a Общие примечания 80 лет Великой Победы
320 Библиография __
a Библиография Библиогр.: с.30
333 Примечание о целевом назначении __
a Примечание о целевом назначении 6+
606 Тематические рубрики 0_
a Основная рубрика Проза биографическая (д. л.)
606 Тематические рубрики 0_
a Основная рубрика Партизанское движение в Великой Отечественной войне 1941-1945 гг. (д. л.)
610 Ключевые слова 0_
a Ключевые слова партизанское движение в Великой Отечественной войне 1941-1945 гг. (д. л.); проза биографическая; проза о Великой Отечественной войне
686 Индексы других классификаций __
a Классификационный индекс 84Р2-43
2 Код системы rubbk
700 Автор _1
a Фамилия Петухова
b Имя (инициалы) Е. Ю.
g Полное личное имя Елена Юрьевна
702 Вторичная интеллектуальная ответственность _1
a Фамилия Гах
b Имя (инициалы) М. В.
4 Код отношения 040
702 Вторичная интеллектуальная ответственность _1
a Фамилия Орехова
b Имя (инициалы) Н. Ю.
g Полное личное имя Наталья Юрьевна
4 Код отношения 040
702 Вторичная интеллектуальная ответственность _1
a Фамилия Покрышкин
b Имя (инициалы) А. А.
g Полное личное имя Александр Анатольевич
4 Код отношения 040
801 Источник записи _0
a Страна RU
b Организация Владимирская ОУНБ
c Дата составления 20250922
g Правила каталогизации RCR
801 Источник записи _1
a Страна RU
b Организация Владимирская ОУНБ
c Дата составления 20250922
g Правила каталогизации RCR
801 Источник записи _2
a Страна RU
b Организация Ульяновская ОНБ
c Дата составления 20260403
g Правила каталогизации RCR
900 Электронные ресурсы __
a Имя электронного ресурса вахромеев2026
900 Электронные ресурсы __
a Имя электронного ресурса вахромеев20260001
901 Тип документа __
t Тип документа m
909 Создатель записи __
a Создатель записи Егорова Э. А.
b Дата создания записи 20260403
910 Корректоры записи __
a Корректор записи Пряхина
b Дата внесения изменения в запись 20260430